| 000 | 00472nam a2200193Ia 4500 | ||
|---|---|---|---|
| 003 | LK-CoDNM | ||
| 008 | 010623t xxu||||| |||| 00| 1 sin d | ||
| 040 |
_aLK-CoDNM _dLK-CoDNM _eLK-CoDNM |
||
| 041 | _asin | ||
| 080 | _a(x) 791.4 SRI | ||
| 100 |
_aSri Ramya, Ajantha _eed. |
||
| 245 | _aරූප රටා | ||
| 246 | _aRupa rataa | ||
| 260 |
_bSandeha cinema sangamaya _aColombo 4 |
||
| 300 | _b29, 25 cm | ||
| 650 | _aCinema | ||
| 650 | _aLiterature | ||
| 942 | _cBK | ||
| 999 |
_c140713 _d140713 |
||